| 000 | 00542nam a22001937a 4500 | ||
|---|---|---|---|
| 003 | OSt | ||
| 005 | 20151130145345.0 | ||
| 008 | 151130b xxu||||| |||| 00| 0 eng d | ||
| 020 | _a0304706841 | ||
| 040 | _cDDC. | ||
| 082 | _a371PRO 2000. | ||
| 100 |
_aBroadfoot Patricia[et...al] _96391 |
||
| 245 |
_aPromoting Quality in Learning. _bDoes England Have the Answer. |
||
| 260 |
_aLondon. _bCassell. _c2000. |
||
| 300 |
_a280p; _bill; _c23cm |
||
| 504 | _areferences and index are included. | ||
| 650 |
_aEducation. _91404 |
||
| 942 |
_2ddc _cSLOAN |
||
| 999 |
_c2747 _d2747 |
||